000 01430nam a22003857a 4500
003 CHAP
005 20220329134926.0
008 971013s r 00010 d
010 _a28163
011 _a29135
035 _a33246
040 _cCHAP
082 _a325.1
_bC6
110 _aConsejo Latinoamericano de Ciencias Sociales
_927294
245 _aMigración y desarrollo
260 _aBuenos Aires :
_bEl Consejo,
_c19 -
300 _av.
490 _aInforme de investigación. Serie población
500 _aLa biblioteca tine: v.3 Análisis históricos y aspectos relacionados a la estructura agraria y al proceso de urbanización
590 _aBATCH-UPD
_b10
_c20130110
_lUCH01
_h0209
590 _aBATCH-UPD
_b10
_c20130110
_lUCH01
_h1117
590 _aBATCH-UPD
_b10
_c20130409
_lUCH01
_h2223
590 _aBATCH-UPD
_b10
_c20130410
_lUCH01
_h1256
590 _aBATCH-UPD
_b10
_c20130913
_lUCH01
_h2123
590 _aCONVERSION
_b10
_c20130109
_lUCH01
_h1316
650 1 4 _aAgricultura
_xTrabajadores
_xAmérica Latina.
_91843
650 1 4 _aAmerica Latina
_xCondiciones sociales.
_95395
650 1 4 _aMéxico
_xCondiciones sociales.
_976730
650 1 4 _aMigración interna.
_975603
650 1 4 _aUrbanismo
_xAmérica Latina.
_9116826
830 0 _aInforme de investigación. Serie población
_958123
901 _aBK
942 _cLIBRO
949 _a325.1 C6
_bBC
_cLIBRO
_d33724000302527
_eLIBRO
_fv.3
_h41333
_i33246
_mD
_si
999 _c28163
_d28163